00565nam a2200157Ia 4500008004100000100003900041245006900080245003900149260005900188260000900247650001800256650001500274856002600289999001900315952007300334170221s9999 xx 000 0 und d aAsdrúbal Borges Formiga Sobrinho aCreative Meanings within the Context of an Advertising Campaign  cAsdrúbal Borges Formiga Sobrinho bOnline Journal of Communication and Media Technologies c2016 xCommunication xMedia Arts uhttp://www.ojcmt.net/ c309133d309133 001040aCLbCLd2017-02-21l0r2017-02-21 00:00:00w2017-02-21yFOJ